Flugzeugflotten Teil 26-LOT Polish Airlines - Statistiken

Allgemein
  • Dieses Quiz wurde 28 mal gespielt
    11 seit der letzten Aktualisierung
  • Das Durchschnittsergebnis liegt bei 8 aus 9
Antwortstatistiken
Anzahl Flugzeugtyp % Korrekt
13 Embraer 175
100%
8 Embraer 190
100%
6 Boeing 737-800
88%
12 Boeing 737 MAX 8
88%
8 Boeing 787-8
88%
7 Boeing 787-9
88%
5 Embraer 170
88%
15 Embraer 195
88%
1 Embraer 195-E2
50%
Keine übereinstimmenden Quizze gefunden
Verteilung der Resultate
Anzahl Personen mit jedem Resultat
Perzentil nach korrekt beantworteten Fragen
Ihre Resultats-Entwicklung
Sie haben dieses Quiz seit der letzten Aktualisierung nicht gespielt